书目信息 |
| 题名: |
线性代数与线性规划
|
|
| 作者: | 周誓达 编著 | |
| 分册: | ||
| 出版信息: | 北京 中国人民大学出版社 1997.12 |
|
| 页数: | 253页 | |
| 开本: | 32开 | |
| 丛书名: | ||
| 单 册: | ||
| 中图分类: | ||
| 科图分类: | ||
| 主题词: | 经济--计算 , 经济数学--方法 | |
| 电子资源: | ||
| ISBN: | 7-300-02453-X | |
| 000 | 00619nam0 2200217 45 | |
| 001 | 9911031556 | |
| 005 | 19991103153504.8 | |
| 010 | @a7-300-02453-X@d11.00元 | |
| 100 | @a19991103d1997 km y0chiy0120 ea | |
| 101 | @achi | |
| 105 | @a z 000yy | |
| 200 | 1 | @a线性代数与线性规划@AXian Xing Dai Shu Yu Xian Xing Gui Hua@f周誓达编著@FZhou Shi Da Bian Zhu |
| 210 | @a北京@c中国人民大学出版社@d1997.12 | |
| 215 | @a253页@d32开 | |
| 606 | 0 | @a经济@x计算 |
| 606 | 0 | @a经济数学@x方法 |
| 690 | @v3 | |
| 690 | @aF224.31 | |
| 701 | @a周誓达@4编著 | |
| 801 | @aCN@bPFTUser@c19991103 | |
| 905 | @f3@b42466-468@dF224.31@eZH148 | |
| 线性代数与线性规划/周誓达编著.-北京:中国人民大学出版社,1997.12 |
| 253页;32开 |
| ISBN 7-300-02453-X:11.00元 |
| ● |
| 相关链接 |
|
|
|
正题名:线性代数与线性规划
索取号:F224.31/ZH148
 
预约/预借
| 序号 | 登录号 | 条形码 | 馆藏地/架位号 | 状态 | 备注 |
| 1 | 42466 | 200424665 | 社科二线422/422社科库 51排3列3层/ [索取号:F224.31/ZH148] | 在馆 | |
| 2 | 42467 | 200424674 | 社科库409/409社科库 73排2列2层/ [索取号:F224.31/ZH148] | 在馆 | |
| 3 | 42468 | 200424683 | 社科库409/409社科库 73排2列2层/ [索取号:F224.31/ZH148] | 在馆 |